<?xml version="1.0" encoding="UTF-8"?>
<record
    xmlns:xsi="http://www.w3.org/2001/XMLSchema-instance"
    xsi:schemaLocation="http://www.loc.gov/MARC21/slim http://www.loc.gov/standards/marcxml/schema/MARC21slim.xsd"
    xmlns="http://www.loc.gov/MARC21/slim">

  <leader>01140nam a2200253 a 4500</leader>
  <controlfield tag="001">39820</controlfield>
  <controlfield tag="003">BD-RjUL</controlfield>
  <controlfield tag="005">20211209053050.0</controlfield>
  <controlfield tag="008">160418s2015    bg ||||| |||| 00| 0 ben d</controlfield>
  <datafield tag="020" ind1=" " ind2=" ">
    <subfield code="a">9789849164395</subfield>
    <subfield code="c">: TK 600.00 </subfield>
  </datafield>
  <datafield tag="035" ind1=" " ind2=" ">
    <subfield code="a">(BD-RjUL)39933</subfield>
  </datafield>
  <datafield tag="040" ind1=" " ind2=" ">
    <subfield code="a">BD-RjUL</subfield>
    <subfield code="b">ben </subfield>
    <subfield code="c">BD-RjUL</subfield>
  </datafield>
  <datafield tag="041" ind1=" " ind2=" ">
    <subfield code="a">ben </subfield>
  </datafield>
  <datafield tag="082" ind1=" " ind2=" ">
    <subfield code="2">23 </subfield>
    <subfield code="a">891.4417 </subfield>
    <subfield code="b">NIR 2015 </subfield>
  </datafield>
  <datafield tag="245" ind1="0" ind2="0">
    <subfield code="a">&#x9A8;&#x9BF;&#x9B0;&#x9CD;&#x9AC;&#x9BE;&#x99A;&#x9BF;&#x9A4; &#x99C;&#x9C0;&#x9AC;&#x9A8;&#x9BE;&#x9A8;&#x9A8;&#x9CD;&#x9A6; &#x9A6;&#x9BE;&#x9B8; :</subfield>
    <subfield code="b">&#x9AE;&#x9C2;&#x9B2;&#x9BE;&#x9A8;&#x9C1;&#x997; &#x9AA;&#x9BE;&#x9A0; /</subfield>
    <subfield code="c">&#x9AD;&#x9C2;&#x9AE;&#x9C7;&#x9A8;&#x9CD;&#x9A6;&#x9CD;&#x9B0; &#x997;&#x9C1;&#x9B9; &#x9B8;&#x9AE;&#x9CD;&#x9AA;&#x9BE;&#x9A6;&#x9A8;&#x9BE;, &#x9AD;&#x9C2;&#x9AE;&#x9BF;&#x995;&#x9BE;, &#x993; &#x99F;&#x9C0;&#x995;&#x9BE; </subfield>
  </datafield>
  <datafield tag="260" ind1=" " ind2=" ">
    <subfield code="a">&#x9A2;&#x9BE;&#x995;&#x9BE; : </subfield>
    <subfield code="b">&#x9AC;&#x9C7;&#x999;&#x9CD;&#x997;&#x9B2; &#x9AA;&#x9BE;&#x9AC;&#x9B2;&#x9BF;&#x995;&#x9C7;&#x9B6;&#x9A8;&#x9B8;,</subfield>
    <subfield code="c">&#x9E8;&#x9E6;&#x9E7;&#x9EB; </subfield>
  </datafield>
  <datafield tag="300" ind1=" " ind2=" ">
    <subfield code="a">&#x9EA;&#x9EF;&#x9EC; &#x9AA;&#x9C3;. ;</subfield>
    <subfield code="c">&#x9E8;&#x9EB; &#x9B8;&#x9C7;&#x9AE;&#x9BF;.</subfield>
  </datafield>
  <datafield tag="600" ind1=" " ind2=" ">
    <subfield code="a">Das, Jibanananda,</subfield>
    <subfield code="d">1899-1954</subfield>
    <subfield code="9">118821</subfield>
  </datafield>
  <datafield tag="600" ind1=" " ind2=" ">
    <subfield code="a">&#x9A6;&#x9BE;&#x9B6;, &#x99C;&#x9C0;&#x9AC;&#x9A8;&#x9BE;&#x9A8;&#x9A8;&#x9CD;&#x9A6;,  </subfield>
    <subfield code="d">&#x9E7;&#x9EE;&#x9EF;&#x9EF;-&#x9E7;&#x9EF;&#x9EB;&#x9EA; </subfield>
    <subfield code="9">122653</subfield>
  </datafield>
  <datafield tag="650" ind1=" " ind2=" ">
    <subfield code="a">Bengali Literature </subfield>
    <subfield code="9">122654</subfield>
  </datafield>
  <datafield tag="650" ind1=" " ind2=" ">
    <subfield code="a">&#x9AC;&#x9BE;&#x982;&#x9B2;&#x9BE; &#x9B8;&#x9BE;&#x9B9;&#x9BF;&#x9A4;&#x9CD;&#x9AF; </subfield>
    <subfield code="9">122655</subfield>
  </datafield>
  <datafield tag="700" ind1=" " ind2=" ">
    <subfield code="a">&#x997;&#x9C1;&#x9B9;, &#x9AD;&#x9C2;&#x9AE;&#x9C7;&#x9A8;&#x9CD;&#x9A6;&#x9CD;&#x9B0;  &#x9B8;&#x9AE;&#x9CD;&#x9AA;&#x9BE;&#x9A6;&#x9A8;&#x9BE;, &#x9AD;&#x9C2;&#x9AE;&#x9BF;&#x995;&#x9BE;, &#x993; &#x99F;&#x9C0;&#x995;&#x9BE; </subfield>
    <subfield code="9">122656</subfield>
  </datafield>
  <datafield tag="942" ind1=" " ind2=" ">
    <subfield code="2">ddc</subfield>
    <subfield code="c">BK</subfield>
    <subfield code="0">3</subfield>
  </datafield>
  <datafield tag="999" ind1=" " ind2=" ">
    <subfield code="c">39820</subfield>
    <subfield code="d">39820</subfield>
  </datafield>
  <datafield tag="952" ind1=" " ind2=" ">
    <subfield code="0">0</subfield>
    <subfield code="1">0</subfield>
    <subfield code="2">ddc</subfield>
    <subfield code="4">0</subfield>
    <subfield code="7">1</subfield>
    <subfield code="8">NFIC</subfield>
    <subfield code="a">RUCL</subfield>
    <subfield code="b">RUCL</subfield>
    <subfield code="c">Reading</subfield>
    <subfield code="d">2016-04-13</subfield>
    <subfield code="e">Viddasogor, Rajshahi</subfield>
    <subfield code="g">600.00</subfield>
    <subfield code="l">0</subfield>
    <subfield code="o">B 891.4417  NIR 2015</subfield>
    <subfield code="r">2016-04-18 00:00:00</subfield>
    <subfield code="t">C-1</subfield>
    <subfield code="w">2016-04-18</subfield>
    <subfield code="y">BK</subfield>
  </datafield>
  <datafield tag="952" ind1=" " ind2=" ">
    <subfield code="0">0</subfield>
    <subfield code="1">0</subfield>
    <subfield code="2">ddc</subfield>
    <subfield code="4">0</subfield>
    <subfield code="7">0</subfield>
    <subfield code="8">NFIC</subfield>
    <subfield code="a">RUCL</subfield>
    <subfield code="b">RUCL</subfield>
    <subfield code="c">Stack</subfield>
    <subfield code="d">2016-04-13</subfield>
    <subfield code="e">Viddasogor, Rajshahi</subfield>
    <subfield code="g">600.00</subfield>
    <subfield code="l">2</subfield>
    <subfield code="o">B 891.4417  NIR 2015</subfield>
    <subfield code="r">2019-01-30 00:00:00</subfield>
    <subfield code="s">2019-01-27</subfield>
    <subfield code="t">C-2</subfield>
    <subfield code="w">2016-04-18</subfield>
    <subfield code="y">BK</subfield>
  </datafield>
  <datafield tag="952" ind1=" " ind2=" ">
    <subfield code="0">0</subfield>
    <subfield code="1">0</subfield>
    <subfield code="2">ddc</subfield>
    <subfield code="4">0</subfield>
    <subfield code="7">0</subfield>
    <subfield code="8">NFIC</subfield>
    <subfield code="a">RUCL</subfield>
    <subfield code="b">RUCL</subfield>
    <subfield code="c">Stack</subfield>
    <subfield code="d">2016-04-13</subfield>
    <subfield code="e">Viddasogor, Rajshahi</subfield>
    <subfield code="g">600.00</subfield>
    <subfield code="l">2</subfield>
    <subfield code="o">B 891.4417  NIR 2015</subfield>
    <subfield code="r">2017-04-05 00:00:00</subfield>
    <subfield code="s">2017-03-09</subfield>
    <subfield code="t">C-3</subfield>
    <subfield code="w">2016-04-18</subfield>
    <subfield code="y">BK</subfield>
  </datafield>
</record>
